000 00422nam a2200205Ia 4500
003 IT-RoPAU
008 120407s9999 xx 000 0 und d
040 _aIT-RoPAU
040 _cIT-RoPAU
041 _aita
100 _aMarciano Vidal
245 _aI rapporti prematrimoniali.
260 _aCittadella
260 _c1973
300 _a132 p.
300 _c19 cm
490 _v1
942 _cBK
999 _c25240
_d25240